Tuyển tập văn học thiếu nhi

Αποθηκεύτηκε σε:
Λεπτομέρειες βιβλιογραφικής εγγραφής
Μορφή: Βιβλίο
Ετικέτες: Προσθήκη ετικέτας
Δεν υπάρχουν, Καταχωρήστε ετικέτα πρώτοι!
Thư viện lưu trữ: Mạng thư viện Đại học Đà Nẵng
LEADER 00649nam a2200205 4500
001 000014803
003 11173
005 20150812150843.0
008 120515s sd
245 0 0 |a Tuyển tập văn học thiếu nhi  |c Tô Hoài 
774 |d H.  |d Văn học  |d 1997  |g T.1  |h 520 tr.  |t Tuyển tập văn học thiếu nhi  |w 11174 
774 |d H.  |d Văn học  |d 1997  |g T.2  |h 486 tr.  |t Tuyển tập văn học thiếu nhi  |w 11175 
OWN |a LSP 
999 |a From the UDN01 
TYP |a Monograph 
TYP |a Printed language 
980 |a Mạng thư viện Đại học Đà Nẵng